00941cam a2200277 a 45000010005000000030008000050050017000130080041000300350018000710400037000890410018001260820022001441000029001662450096001952460021002912500014003122600035003263000033003614900039003945000034004335040085004676500019005528300014005717000049005858300029006348572BD-RjUL20211208234620.0140119s1951 enk b 001 0 lat d a(BD-RjUL)8617 aYNGcYNGdm.cdEUXdBD-RjULbeng0 alataenghlat 221a470bVAO 19511 aVarro, Marcus Terentius.10aOn the Latin language /cVarro ; with an English translation by Roland G. Kent.nVOLUMES II18aDe lingua Latina a[Revised] aLondon :bW. Heinemann,c1951. a2 v. (lii, 675 p.) ;c17 cm.1 aLoeb classical library ;v333, 334 aSpine title: De lingua Latina aIncludes bibliographical references (v. 1, p. xxxiii-xliii, li-lii) and indexes. 0aLatin language 0v333, 334.1 aKent, Roland G.q(Roland Grubb),d1877-1952. 0aLoeb classical library ;